000 00673nam a2200217Ia 4500
008 100315s9999 xx 000 0 und d
040 _cENGLISH 
082 _b7504 
_a303.625 
100 _a"Fuqua, Paul, Wilson, Jerry V. "
245 _aTerrorism : the executive's guide to survival
260 _aDELHI 
_bSurjeet pub  
_c1991 
300 _a151 
365 _eRupees 
_d
_b150.00 
366 _f
505 _gRamakant Amar Navghare 
530 _bDonated By RBI Library  
620 _aSocial science 
630 _aTerrorism : the executive's guide to survival
730 _aTerrorism : the executive's guide to survival
942 _cBOOK
999 _c482239
_d482236